Statistics for All Modern-Day Countries Ever Controlled by Iranian Peoples with a Map

Click here to take the quiz!

General Stats

  • This quiz has been taken 5,700 times
  • The average score is 45 of 46

Answers on the Map

Answers color-coded by a green-red scale on the quiz's map according to % correct below.
 

Answer Stats

Countries% Correct
Afghanistan
99%
China
99%
Egypt
99%
India
99%
Iran
99%
Iraq
99%
Israel
99%
Italy
99%
Pakistan
99%
Portugal
99%
Russia
99%
Saudi Arabia
99%
Spain
99%
Syria
99%
Turkey
99%
Algeria
98%
Armenia
98%
Azerbaijan
98%
Bangladesh
98%
Cyprus
98%
France
98%
Georgia
98%
Greece
98%
Jordan
98%
Kazakhstan
98%
Kuwait
98%
Lebanon
98%
Libya
98%
Nepal
98%
Oman
98%
Qatar
98%
Tajikistan
98%
Tunisia
98%
Turkmenistan
98%
United Arab Emirates
98%
Uzbekistan
98%
Yemen
98%
Bulgaria
97%
Kyrgyzstan
97%
Myanmar
97%
Romania
97%
Ukraine
97%
Bahrain
96%
Bhutan
96%
North Macedonia
96%
Malta
90%

Score Distribution

Percentile by Number Answered

Percent of People with Each Score

Your Score History

You have not taken this quiz